| 000 | 00918nam0a2200289 4500 | ||
|---|---|---|---|
| 001 | RU\NLR\bibl\963485 | ||
| 005 | 20260601075904.0 | ||
| 010 |
_a5-9550-0654-0 _95000 |
||
| 021 |
_aRU _b2006-31211 _91558 |
||
| 035 | _a(NLR Aleph) 000951500 | ||
| 090 |
_a282591 _c282591 |
||
| 100 | _a20060630d2006 |||y0rusy50 ca | ||
| 101 | 1 |
_arus _ceng |
|
| 102 | _aRU | ||
| 105 | _ay ||||||||| | ||
| 200 | 1 |
_aЯ верю _fЛобсанг Рампа _g[пер. с англ. С. Важненко] |
|
| 210 |
_aМосква _cСофия _d2006 |
||
| 215 |
_a190 с. _d21 |
||
| 606 | 1 |
_aЗагробная жизнь _9909499 _3RU\NLR\auth\6612202 |
|
| 686 | _aЭ355-422.27 | ||
| 700 | 1 |
_4070 _8rus _7ca _aРампа _bЛ. _f1910-1981 _gЛобсанг _3RU\NLR\auth\7710777 _9120542 |
|
| 801 | 0 |
_aRU _bNLR _c20060630 _grcr |
|
| 801 | 1 |
_aRU _bNLR _c20060630 |
|
| 942 | _cBOOK | ||
| 980 | _aNB | ||